000
00321nam a22001337a 4500
008
170622b xxu||||| |||| 00| 0 eng d
020
_a
9780313308307
041
_a
eng
080
_a
32
100
_a
20
101
_a
SHP
245
_a
ENCYCLOPEDIA OF THE INDUSTRIAL REVOLUTION IN AMERICA
_c
OLSON, J.S
942
_2
udc
_c
BK
999
_c
18628
_d
18628